000
00285nam a2200121Ia 4500
008
190216s9999||||xx |||||||||||||| ||und||
100
_a
Terry Lucey
245
0
_a
Management Information Systems
260
_b
Bpb Publications
_c
1997
300
_a
282p
650
_a
Commerce
942
_c
BK
999
_c
6029
_d
6029